| 000 | 00516nam a2200181 4500 | ||
|---|---|---|---|
| 003 | SEACOMEC | ||
| 005 | 20251014161255.0 | ||
| 008 | 251014b |||||||| |||| 00| 0 eng d | ||
| 020 |
_a978-8131806210 _c275 |
||
| 040 | _aSEACOMEC | ||
| 082 |
_a621.3815 _bS131 |
||
| 100 | _aSaha, Arijit | ||
| 245 |
_aDigital Principles and Logic Design Techniques _cArijit Saha and Nilotpal Manna |
||
| 260 |
_aKolkata _bUniversity Sc Pr. _c2007 |
||
| 650 | _aEngineering & Technology | ||
| 700 | _aManna, Nilotpal | ||
| 942 | _cBBK | ||
| 999 |
_c2601 _d2601 |
||